|
|
|
|
| LEADER |
01099naa a2200217 i 4500 |
| 001 |
acta83894 |
| 005 |
20240417094359.0 |
| 008 |
240417s2023 hu o 100 hun d |
| 020 |
|
|
|a 978-963-306-928-8
|
| 040 |
|
|
|a SZTE Egyetemi Kiadványok Repozitórium
|b hun
|
| 041 |
|
|
|a hun
|
| 100 |
1 |
|
|a Simon János
|
| 245 |
1 |
0 |
|a Ipari digitalizáció - Ipar 4.0 és virtuális valóság (VR) a gyártásban
|h [elektronikus dokumentum] :
|b [absztrakt] /
|c Simon János
|
| 260 |
|
|
|a SZTE Mérnöki Kar
|b Szeged
|c 2023
|
| 300 |
|
|
|a 95
|
| 490 |
0 |
|
|a Műszaki, technológiai és gazdasági kihívások a 21. században : nemzetközi magyar nyelvű tudományos konferencia
|
| 650 |
|
4 |
|a Műszaki és technológiai tudományok
|
| 650 |
|
4 |
|a Villamosmérnöki és informatikai tudományok
|
| 695 |
|
|
|a Digitalizáció - ipari - előadáskivonat, Technológia - ipari - előadáskivonat, Ipar 4.0 - előadáskivonat
|
| 711 |
|
|
|a Műszaki, technológiai és gazdasági kihívások a 21. században
|c Szeged
|d 2023. március 31.
|
| 856 |
4 |
0 |
|u http://acta.bibl.u-szeged.hu/83894/1/mtg_kihivasok_konf_2023_095.pdf
|z Dokumentum-elérés
|